000 00256nam a2200109Ia 4500
008 190216s9999||||xx |||||||||||||| ||und||
100 _aUnnikrishnan Thiruvazhiyod
245 0 _aHippi
260 _bPoorna Pubs Kozhikode
650 _aKavithkal
942 _cBK
999 _c26550
_d26550